00881nam a22004212 4500001001100000005001700011008004100028020001700069040001500086100003100101245009000132250001300222260003100235300001600266650006100282650002500343700003100368852000300399852000300402852000300405852000300408852000300411852000300414852000300417852000300420852000300423852000300426852000300429852000300432852000300435852000300438852000300441852000300444852000300447852000300450852000300453852000300456000002453220151217154512.0131220s xx 000 0 eng d a0199215072 : aKABUcKABU1 aRodley, Nigel.@000018478214aThe Treatment of prisoners under international law /cNigel Rodley with Matt Pollard. a3rd ed. aOxford :bO. U. P.,c2009. ali, 697 p. 0aPolitical prisonersxLegal status, law, etc.@0000184783 0aTorture.@00001847841 aPollard, Matt.@00001847851 1 1 1 1 1 1 1 1 1 1 1 1 1 1 1 1 1 1 1